Homestuck Character Classpect Quiz - Statistics

General Stats
  • This quiz has been taken 117 times
  • The average score is 25 of 34
Answer Stats
Hint Answer % Correct
John Egbert Heir of Breath
100%
Dave Strider Knight of Time
96%
Dirk Strider Prince of Heart
94%
Karkat Vantas Knight of Blood
92%
Jake English Page of Hope
92%
Jade Harley Witch of Space
92%
Jane Crocker Maid of Life
90%
Rose Lalonde Seer of Light
90%
Eridan Ampora Prince of Hope
86%
Vriska Serket Thief of Light
86%
Aradia Megido Maid of Time
84%
Roxy Lalonde Rogue of Void
84%
Gamzee Makara Bard of Rage
82%
Terezi Pyrope Seer of Mind
82%
Kanaya Maryam Sylph of Space
80%
Caliborn Lord of Time
78%
Nepeta Leijon Rogue of Heart
78%
Tavros Nitram Page of Breath
76%
Sollux Captor Mage of Doom
70%
Feferi Peixes Witch of Life
70%
Damara Megido Witch of Time
70%
Calliope Muse of Space
66%
Aranea Serket Sylph of Light
64%
Equius Zahhak Heir of Void
62%
Porrim Maryam Maid of Space
62%
Cronus Ampora Bard of Hope
60%
Meulin Leijon Mage of Heart
60%
Kurloz Makara Prince of Rage
60%
Kankri Vantas Seer of Blood
60%
Meenah Peixes Thief of Life
60%
Mituna Captor Heir of Doom
54%
Latula Pyrope Knight of Mind
54%
Horuss Zahhak Page of Void
54%
Rufioh Nitram Rogue of Breath
50%
No matching quizzes found
Score Distribution
Percent of People with Each Score
Percentile by Number Answered
Your Score History
You have not taken this quiz